000 00214 a2200097 4500
001 8891
090 _c7080
_d7080
100 _aHamid A A
245 _aPak Practical Chemistaary (W/O vide BOO on 1980)
260 _bIlmie Kitab
942 _aNUST-CAE
999 _c243964
_d243964